Tierra de águilas: Un sudamericano en la U.R.S.S.

Saved in:
Bibliografiske detaljer
Hovedforfatter: Orrego Vicuña, Eugenio (autor)
Format: Bog
Sprog:spansk
Udgivet: Santiago Chile Film 1929
Udgivelse:1a. ed
Fag:
Tags: Tilføj Tag
Ingen Tags, Vær først til at tagge denne postø!

MARC

LEADER 00000nam a2200000 a 4500
001 UCJ5526
003 CL-VaPUC
008 070124e19290000CL |||||||||||||||||spa|d
082 0 4 |a 910.4  |b ORR  |2 21 
100 |a Orrego Vicuña, Eugenio  |e autor  |9 444141 
245 1 0 |a Tierra de águilas: Un sudamericano en la U.R.S.S. 
250 |a 1a. ed 
300 |a 317 p 
942 |c BK 
945 |d 20070124 00:00:00  |a rinostro 
260 |a Santiago  |b Chile Film  |c 1929 
500 |a Después de la desmembración de la Unión Soviética, la ciudad de Leningrado, rebautizada así en honor de Lenín, recuperó su nombre de siempre, vale decir San Petersburgo 
650 0 |a Viajes  |9 257115 
650 0 |a Geografía  |9 259346 
650 0 |a Población  |9 257577 
650 0 |a Cultura  |9 269059 
650 0 |a Gobierno   |9 255508 
650 7 |a SOCIALISMO MARXISTA  |2 CL-VaPUC  |9 508936 
650 0 |a Arte  |9 265238 
650 0 |a Museos  |9 269209 
651 0 |a Unión Soviética  |9 256769 
651 7 |a MOSCU  |2 CL-VaPUC  |9 341261 
651 7 |a LENINGRADO  |2 CL-VaPUC  |9 510779 
651 7 |a SAN PETERSBURGO  |2 CL-VaPUC  |9 444120 
583 |a last modification  |c 20070124 00:00:00  |k Rodrigo Vera 
999 |c 321635  |d 321633 
952 |0 0  |1 0  |4 0  |6 910_400000000000000_ORR_1929  |7 0  |8 X  |9 400432  |a FDOBUD  |b FDOBUD  |d 2019-11-22  |i 1035886  |o 910.4 ORR 1929  |p 1035886  |r 2019-11-22  |w 2019-11-22  |y BK_X  |k BUD